000 00235nam a22000857a 4500
008 160706b xxu||||| |||| 00| 0 eng d
100 _92350
_a Sengupta, A
245 _aLalu and the Red Kite
260 _aNew Delhi
_b National Book Trust
_c1995
999 _c2027
_d2027